[Event "71. Unterfraenkische Einzelmeisterschaft 2022"]
[White "Kuhn,Norbert"]
[Black "Englert,Fabian"]
[Site "Wertheim"]
[Round "1.1"]
[Annotator ""]
[Result "0-1"]
[Date "2022.04.18"]
[WhiteElo "2018"]
[BlackElo "2420"]
[PlyCount "76"]

1. e4 d6 2. d4 Nf6 3. Nc3 g6 4. Be3 a6 5. a4 Bg7 6. Qd2 Nc6 7. Nf3 Ng4 8. Bc4 O-O 9. Bg5 h6 10. Bf4 g5 11. Bg3 Nf6 12. h3 e6 13. Bb3 Ne7 14. e5 dxe5 15. Bxe5 Ng6 16. Bg3 b6 17. Ne5 Nxe5 18. Bxe5 Bb7 19. O-O c5 20. Rad1 Qc8 21. dxc5 Qxc5 22. Qe2 Rfd8 23. Kh1 Rxd1 24. Rxd1 Ne4 25. Nxe4 Qxe5 26. Re1 Rd8 27. Nc3 Qxe2 28. Rxe2 Bxc3 29. bxc3 Rd1+ 30. Kh2 Kf8 31. Kg3 Ke7 32. f4 Bd5 33. fxg5 hxg5 34. Bxd5 Rxd5 35. Re4 Rc5 36. Rb4 Rxc3+ 37. Kg4 Kf6 38. Rxb6 Kg6 0-1

[Event "71. Unterfraenkische Einzelmeisterschaft 2022"]
[White "Babiy,Olga"]
[Black "Lutz,Peter"]
[Site "Wertheim"]
[Round "1.2"]
[Annotator ""]
[Result "1-0"]
[Date "2022.04.18"]
[WhiteElo "2261"]
[BlackElo "2003"]
[PlyCount "81"]

1. d4 d5 2. Bf4 e6 3. e3 Nd7 4. Nf3 f5 5. c4 Ngf6 6. Nc3 Bb4 7. Qb3 Bxc3+ 8. Qxc3 O-O 9. Bd3 Ne4 10. Qc2 g5 11. Bxe4 gxf4 12. Bd3 fxe3 13. fxe3 Qe7 14. O-O-O dxc4 15. Bxc4 Nb6 16. Rhe1 Nxc4 17. Qxc4 Bd7 18. e4 b5 19. Qb3 a5 20. Ne5 Rad8 21. Nxd7 Qxd7 22. exf5 Rxf5 23. Rxe6 Qd5 24. Qxd5 Rfxd5 25. Rc6 R8d7 26. Kc2 h5 27. Kc3 Rg7 28. g3 Rgd7 29. Rd3 Kg7 30. b3 Rf5 31. Rc5 Rfd5 32. a4 Rxc5+ 33. dxc5 Rxd3+ 34. Kxd3 bxa4 35. bxa4 Kf6 36. Ke4 Ke6 37. h3 c6 38. g4 hxg4 39. hxg4 Kf6 40. g5+ Kxg5 41. Ke5 1-0

[Event "71. Unterfraenkische Einzelmeisterschaft 2022"]
[White "Grineva,Marianna"]
[Black "Heidel,Andre Nicolas"]
[Site "Wertheim"]
[Round "1.3"]
[Annotator ""]
[Result "0-1"]
[Date "2022.04.18"]
[WhiteElo "1996"]
[BlackElo "2154"]
[PlyCount "147"]

1. e4 e6 2. d4 d5 3. Nd2 c5 4. exd5 exd5 5. Bb5+ Nc6 6. Ngf3 Bd6 7. O-O Nge7 8. dxc5 Bxc5 9. Nb3 Bd6 10. c3 O-O 11. Bg5 f6 12. Be3 Bg4 13. Be2 Qd7 14. Nc5 Qc8 15. Nd3 Ng6 16. Nd4 Bd7 17. Bf3 Nce7 18. Qb3 Bc6 19. Nb4 Rd8 20. g3 Kh8 21. Rad1 Bxb4 22. Qxb4 a5 23. Qa3 Qd7 24. Bg2 Ne5 25. b3 a4 26. Qb4 axb3 27. axb3 Ng4 28. Bc1 h5 29. h3 Ne5 30. Ba3 N7g6 31. f4 Nf7 32. Kh2 h4 33. f5 hxg3+ 34. Kh1 Nge5 35. Ne6 Re8 36. Qh4+ Kg8 37. Bc1 Rxe6 38. fxe6 Qxe6 39. Qxg3 Ra2 40. Rd4 Nd6 41. Bh6 g6 42. Rd2 Nf5 43. Qe1 Ra3 44. Bf4 Rxb3 45. Rd4 Nxd4 46. cxd4 Rxh3+ 47. Bh2 Rh5 48. dxe5 Qxe5 49. Qxe5 fxe5 50. Kg1 Kg7 51. Rf2 e4 52. Bd6 d4 53. Rf4 Rd5 54. Bf8+ Kg8 55. Bxe4 Rg5+ 56. Kf2 Bxe4 57. Rxe4 Rf5+ 58. Kg3 Kxf8 59. Rxd4 Ke7 60. Kg4 Ke6 61. Rd8 Rb5 62. Rf8 g5 63. Rd8 Rd5 64. Rb8 b5 65. Rb6+ Kd7 66. Kf3 Kc7 67. Rh6 b4 68. Ke4 Rb5 69. Rh2 b3 70. Rb2 Kb6 71. Kd4 Ka5 72. Kc3 Ka4 73. Rb1 b2 74. Kd4 0-1

[Event "71. Unterfraenkische Einzelmeisterschaft 2022"]
[White "Kalinina,Larisa"]
[Black "Markert,Markus"]
[Site "Wertheim"]
[Round "1.4"]
[Annotator ""]
[Result "1-0"]
[Date "2022.04.18"]
[WhiteElo "2131"]
[BlackElo "1986"]
[PlyCount "49"]

1. e4 e6 2. Nc3 d5 3. Nf3 Nf6 4. e5 Nfd7 5. g3 c5 6. Bg2 Nc6 7. O-O Be7 8. Re1 a6 9. d3 b5 10. a3 h6 11. h4 Bb7 12. Qe2 Rc8 13. h5 Qb6 14. Bf4 c4 15. dxc4 bxc4 16. Qd2 Qa5 17. Rad1 Bc5 18. Be3 Ne7 19. Bxc5 Nxc5 20. Nd4 Qc7 21. Qf4 Nc6 22. Bxd5 exd5 23. Nxd5 Qb8 24. Nf5 Ne6 25. Nd6+ 1-0

[Event "71. Unterfraenkische Einzelmeisterschaft 2022"]
[White "Link,Klaus"]
[Black "Amtmann,Florian"]
[Site "Wertheim"]
[Round "1.5"]
[Annotator ""]
[Result "1/2-1/2"]
[Date "2022.04.18"]
[WhiteElo "1969"]
[BlackElo "2130"]
[PlyCount "245"]

1. e4 c5 2. c3 d6 3. d4 Nf6 4. dxc5 Nc6 5. Bb5 Nxe4 6. cxd6 Nxd6 7. Ba4 g6 8. Bf4 Bg7 9. Nf3 O-O 10. O-O e5 11. Bg5 Qc7 12. Na3 h6 13. Be3 Rd8 14. Qe2 a6 15. Rad1 Be6 16. Bb3 Bxb3 17. axb3 Na5 18. Rd5 Nf5 19. Rc5 Nc6 20. g4 Nxe3 21. Qxe3 Qd7 22. h3 Bf8 23. Rc4 Qd3 24. Re1 Qxe3 25. Rxe3 f6 26. b4 Ne7 27. Re1 Rd3 28. Kg2 Nd5 29. h4 Nf4+ 30. Kg3 Bd6 31. Rce4 Re8 32. Nc4 Bc7 33. R1e3 b5 34. Rxd3 Nxd3 35. Ne3 Kf7 36. h5 gxh5 37. gxh5 Ke6 38. Nd4+ Kf7 39. Ndf5 Rh8 40. Kf3 Nf4 41. b3 Nxh5 42. Rg4 Rh7 43. c4 Nf4 44. Nd5 h5 45. Rg1 Nh3 46. Rd1 Ke6 47. Nde3 Ng5+ 48. Kg2 h4 49. Ra1 h3+ 50. Kh1 Ne4 51. Rxa6+ Kf7 52. Ng4 Kg6 53. Ng3 Nxg3+ 54. fxg3 e4 55. Nxf6 Rf7 56. Nxe4+ Kh5 57. Kh2 Rf3 58. Kxh3 Rxb3 59. Rc6 Bf4 60. Rc5+ Kg6 61. Kg4 Bxg3 62. Rxb5 Be1 63. Rb6+ Kf7 64. Ng5+ Kf8 65. b5 Ba5 66. Ra6 Bd2 67. Ne4 Be3 68. Rc6 Ke7 69. Kf5 Bd4 70. Re6+ Kf8 71. Ng5 Rc3 72. Rc6 Ke7 73. b6 Bxb6 74. Ne4 Rb3 75. Nf6 Bd4 76. Nd5+ Kd8 77. Rd6+ Kc8 78. Ne7+ Kc7 79. Rxd4 Rh3 80. Ke4 Rh1 81. Rd5 Re1+ 82. Kd4 Rxe7 83. Kc5 Rh7 84. Rg5 Rf7 85. Rh5 Rg7 86. Kb5 Rf7 87. c5 Rg7 88. Rh1 Kb7 89. Ra1 Rg5 90. Rd1 Kc7 91. Rh1 Rg7 92. Rh8 Kb7 93. Rf8 Rh7 94. Rf6 Rg7 95. Rb6+ Kc7 96. Ra6 Rg2 97. Ra7+ Kb8 98. Rh7 Kc8 99. Kb6 Rb2+ 100. Kc6 Kb8 101. Rh8+ Ka7 102. Rd8 Rc2 103. Rd5 Kb8 104. Rd4 Rc1 105. Re4 Rc2 106. Re8+ Ka7 107. Rh8 Rc1 108. Kd6 Kb7 109. Rh7+ Kc8 110. Ra7 Rc2 111. Rc7+ Kb8 112. Rf7 Kc8 113. Kc6 Kb8 114. Rf5 Rc1 115. Kd7 Rd1+ 116. Kc6 Rc1 117. Re5 Rc2 118. Rd5 Rc1 119. Kd7 Kb7 120. c6+ Rxc6 121. Rb5+ Rb6 122. Rxb6+ Kxb6 123. Kc6+ 1/2-1/2

[Event "71. Unterfraenkische Einzelmeisterschaft 2022"]
[White "Helm,Timo"]
[Black "Roth,Jakob"]
[Site "Wertheim"]
[Round "1.6"]
[Annotator ""]
[Result "0-1"]
[Date "2022.04.18"]
[WhiteElo "2067"]
[BlackElo "1980"]
[PlyCount "76"]

1. e4 e6 2. d4 d5 3. Nc3 Nf6 4. exd5 exd5 5. Bg5 Be7 6. Bd3 Nc6 7. a3 Nxd4 8. Nge2 Nxe2 9. Qxe2 O-O 10. O-O-O Be6 11. f3 a6 12. Rde1 Re8 13. Qf2 Ng4 14. Bxe7 Nxf2 15. Bxd8 Raxd8 16. Rhf1 Nxd3+ 17. cxd3 Kf8 18. d4 Ke7 19. Kd2 Kd6 20. Na4 b6 21. b4 Bd7 22. Nb2 Rxe1 23. Rxe1 Ra8 24. Nd3 f6 25. h4 a5 26. g4 axb4 27. axb4 Ra2+ 28. Kc3 Ra3+ 29. Kc2 Ba4+ 30. Kd2 Bb5 31. Nf4 Rxf3 32. Ne6 Rf2+ 33. Ke3 Rg2 34. Kf4 Bd7 35. Kf3 Rd2 36. Nd8 Rxd4 37. Nf7+ Kc6 38. Rc1+ Rc4 0-1

[Event "71. Unterfraenkische Einzelmeisterschaft 2022"]
[White "Link,Robert"]
[Black "Basel,Matthias"]
[Site "Wertheim"]
[Round "1.7"]
[Annotator ""]
[Result "1/2-1/2"]
[Date "2022.04.18"]
[WhiteElo "1944"]
[BlackElo "2057"]
[PlyCount "48"]

1. c4 Nf6 2. g3 g6 3. Bg2 Bg7 4. Nc3 O-O 5. e4 d6 6. d4 c6 7. Nge2 Qc7 8. O-O e5 9. h3 Nbd7 10. Be3 exd4 11. Nxd4 a5 12. Rc1 Re8 13. Nb3 a4 14. Nd2 a3 15. b4 Ne5 16. Qe2 Qe7 17. f4 Ned7 18. Rfe1 Nf8 19. Qf2 N6d7 20. Nb3 h5 21. Qd2 h4 22. g4 g5 23. Nd4 Bxd4 24. Bxd4 gxf4 1/2-1/2

[Event "71. Unterfraenkische Einzelmeisterschaft 2022"]
[White "Steinmacher,Josef"]
[Black "Oster,Klaus"]
[Site "Wertheim"]
[Round "1.8"]
[Annotator ""]
[Result "1/2-1/2"]
[Date "2022.04.18"]
[WhiteElo "2031"]
[BlackElo "1915"]
[PlyCount "92"]

1. e4 c5 2. Nf3 d6 3. Bb5+ Bd7 4. Bxd7+ Nxd7 5. O-O Ngf6 6. Re1 e6 7. c3 Be7 8. d4 cxd4 9. cxd4 d5 10. e5 Ne4 11. Nbd2 Nxd2 12. Bxd2 O-O 13. Qb3 Qb6 14. Qa4 Nb8 15. Re3 Nc6 16. Rb3 Qc7 17. Qb5 Rab8 18. Rc1 Rfc8 19. h3 a6 20. Qd3 Qd8 21. a3 b5 22. Rbc3 Na7 23. Rxc8 Rxc8 24. Rxc8 Qxc8 25. Kf1 Qc4 26. Ke2 Nc6 27. Qxc4 bxc4 28. g4 f6 29. Bc3 Kf7 30. Ke3 fxe5 31. Nxe5+ Nxe5 32. dxe5 g5 33. Bd4 Ke8 34. f4 gxf4+ 35. Kxf4 h6 36. Kg3 Kf7 37. Be3 Kg6 38. Bd4 Bg5 39. Kf3 Bc1 40. Kg3 h5 41. Kh4 hxg4 42. hxg4 Bf4 43. a4 Bc1 44. Kg3 Kg5 45. Kf3 Bd2 46. Kg3 Bc1 1/2-1/2

[Event "71. Unterfraenkische Einzelmeisterschaft 2022"]
[White "Huck,Robert"]
[Black "Ersoez,Can"]
[Site "Wertheim"]
[Round "1.9"]
[Annotator ""]
[Result "1/2-1/2"]
[Date "2022.04.18"]
[WhiteElo "1768"]
[BlackElo "1943"]
[PlyCount "114"]

1. d4 Nf6 2. Nf3 g6 3. c4 Bg7 4. Nc3 d5 5. cxd5 Nxd5 6. e4 Nxc3 7. bxc3 c5 8. Be3 Qa5 9. Qd2 Nc6 10. Rc1 cxd4 11. cxd4 Qxd2+ 12. Kxd2 O-O 13. d5 Rd8 14. Kc2 Na5 15. Bg5 f6 16. Bd2 b6 17. Bb4 e6 18. Bxa5 bxa5 19. Bc4 Bb7 20. Rhd1 Rac8 21. Kb3 exd5 22. exd5 Kf8 23. Rc3 Rc5 24. Nd4 Bxd5 25. Ne6+ Bxe6 26. Rxd8+ Ke7 27. Rb8 f5 28. Rb7+ Kf8 29. Rc2 a4+ 30. Kb4 Bd4 31. Bd3 Rxc2 32. Bxc2 Bxa2 33. f3 h6 34. Bxa4 Be3 35. Bc2 Bd5 36. Rd7 Be6 37. Rh7 Bg8 38. Rb7 Bd5 39. Rd7 Be6 40. Rd1 Bf4 41. g3 Bc7 42. Kb5 Kf7 43. Kc6 Bb6 44. Ba4 Kf6 45. Kd6 Bc4 46. Bc6 g5 47. Bd5 Bb5 48. Re1 Bd3 49. Re8 Bg1 50. Re6+ Kg7 51. Re7+ Kf6 52. Rf7+ Kg6 53. Ke5 Bxh2 54. Rf6+ Kg7 55. Rf7+ Kg6 56. Rf6+ Kg7 57. Rf7+ Kg6 1/2-1/2

[Event "71. Unterfraenkische Einzelmeisterschaft 2022"]
[White "Mueller,Lutz"]
[Black "Friesen,Arthur"]
[Site "Wertheim"]
[Round "1.10"]
[Annotator ""]
[Result "0-1"]
[Date "2022.04.18"]
[WhiteElo "1940"]
[BlackElo "1757"]
[PlyCount "66"]

1. d4 d5 2. Bf4 Nf6 3. e3 c6 4. Nd2 Bf5 5. Bd3 Bxd3 6. cxd3 Qb6 7. Ngf3 e6 8. O-O Be7 9. Qb3 O-O 10. Qxb6 axb6 11. h3 c5 12. dxc5 bxc5 13. Rfc1 Nc6 14. a3 Rfc8 15. e4 b5 16. Ne5 Nd4 17. Kf1 c4 18. Be3 Bc5 19. dxc4 bxc4 20. Nef3 Nxf3 21. gxf3 Nd7 22. Bxc5 Nxc5 23. Ke2 Rab8 24. Rab1 Nd3 25. Rg1 Nxb2 26. f4 d4 27. Rbc1 c3 28. Nb1 c2 29. Nd2 Rc3 30. Rg3 d3+ 31. Ke3 Rxa3 32. e5 Nd1+ 33. Kf3 Nc3 0-1

[Event "71. Unterfraenkische Einzelmeisterschaft 2022"]
[White "Drewes,Thomas"]
[Black "Voellinger,Florian"]
[Site "Wertheim"]
[Round "1.11"]
[Annotator ""]
[Result "1-0"]
[Date "2022.04.18"]
[WhiteElo "1722"]
[BlackElo "1866"]
[PlyCount "69"]

1. d4 d5 2. Nf3 Nf6 3. e3 e6 4. Bd3 c5 5. O-O Nc6 6. b3 cxd4 7. exd4 Bd6 8. Bb2 Qc7 9. a3 Ne4 10. Nbd2 f5 11. Re1 O-O 12. Nf1 Rf6 13. c4 b6 14. Rc1 Bb7 15. cxd5 exd5 16. Ne3 Qd7 17. Nxd5 Rh6 18. Bc4 Kh8 19. b4 Ne7 20. Ne3 f4 21. Ne5 Bxe5 22. dxe5 Nd2 23. Ng4 Rg6 24. e6 Qc6 25. Bf1 Qd5 26. Rc7 Nf3+ 27. Qxf3 Qxf3 28. gxf3 Bxf3 29. h3 Nd5 30. Rd7 h5 31. e7 Re8 32. Rd8 Nc7 33. Bd3 Rg5 34. Re5 Rxg4+ 35. hxg4 1-0

[Event "71. Unterfraenkische Einzelmeisterschaft 2022"]
[White "Herberich,Martin"]
[Black "Biloholovko,Anna"]
[Site "Wertheim"]
[Round "1.12"]
[Annotator ""]
[Result "1-0"]
[Date "2022.04.18"]
[WhiteElo "1800"]
[BlackElo "1500"]
[PlyCount "87"]

1. d4 d5 2. Nf3 Nc6 3. e3 Bg4 4. Be2 e6 5. Nbd2 Nf6 6. O-O Bd6 7. b3 Nd7 8. c4 Qf6 9. c5 Be7 10. b4 Nxb4 11. Rb1 a5 12. a3 Qg6 13. axb4 Bh3 14. g3 Bxf1 15. Bxf1 axb4 16. Rxb4 Rb8 17. Rb2 O-O 18. Qc2 Qh6 19. e4 c6 20. e5 f5 21. Bg2 Qh5 22. Nf1 Rf7 23. Ne1 Bg5 24. Bxg5 Qxg5 25. f4 Qh6 26. Nf3 Nf8 27. Qa4 Rc8 28. Qa1 Nd7 29. Qb1 Rb8 30. Ng5 Re7 31. Rxb7 Rbe8 32. Qa1 Qh5 33. Nxe6 Rxe6 34. Rxd7 Rf8 35. Rd6 Ree8 36. Rxc6 Ra8 37. Bxd5+ Kh8 38. Qe1 Rfd8 39. Rd6 Rxd6 40. cxd6 Qe8 41. Bxa8 Qxa8 42. e6 Qd5 43. d7 Qxd4+ 44. Qe3 1-0

[Event "71. Unterfraenkische Einzelmeisterschaft 2022"]
[White "Englert,Fabian"]
[Black "Kalinina,Larisa"]
[Site "Wertheim"]
[Round "2.1"]
[Annotator ""]
[Result "1-0"]
[Date "2022.04.19"]
[WhiteElo "2420"]
[BlackElo "2131"]
[PlyCount "69"]

1. e4 c5 2. Nf3 Nc6 3. Bb5 g6 4. O-O Bg7 5. c3 e5 6. d4 exd4 7. cxd4 cxd4 8. Bf4 Nge7 9. Bd6 O-O 10. a4 b6 11. Qc1 Bb7 12. Qf4 Rc8 13. Nbd2 h6 14. h4 f5 15. e5 Kh8 16. Bc4 Na5 17. Ba2 Bxf3 18. Nxf3 Nc4 19. Bxc4 Rxc4 20. b3 Rc8 21. Nxd4 Re8 22. Qg3 Kh7 23. h5 gxh5 24. Qd3 Ng6 25. f4 Kh8 26. Qxf5 Nf8 27. Qxh5 Ne6 28. Nf5 Kh7 29. Qf7 Rc2 30. Ne7 Kh8 31. Ng6+ Kh7 32. Qf5 Nd4 33. Qd3 Qa8 34. Nh4+ Kh8 35. Qxd4 1-0

[Event "71. Unterfraenkische Einzelmeisterschaft 2022"]
[White "Roth,Jakob"]
[Black "Babiy,Olga"]
[Site "Wertheim"]
[Round "2.2"]
[Annotator ""]
[Result "0-1"]
[Date "2022.04.19"]
[WhiteElo "1980"]
[BlackElo "2261"]
[PlyCount "54"]

1. d4 d5 2. c4 dxc4 3. Nf3 Nf6 4. Nc3 a6 5. e4 b5 6. e5 Nd5 7. a4 e6 8. axb5 Nb6 9. Be2 Be7 10. O-O O-O 11. Be3 Bb7 12. bxa6 Nxa6 13. Qb1 Nb4 14. Rxa8 Qxa8 15. Bg5 f6 16. exf6 Bxf6 17. h4 h6 18. Qg6 hxg5 19. hxg5 Nd3 20. Bxd3 cxd3 21. gxf6 Rxf6 22. Qxd3 Ba6 23. Qc2 Bxf1 24. Kxf1 Qa1+ 25. Ke2 Qa6+ 26. Ke1 Rh6 27. Qb3 Qd3 0-1

[Event "71. Unterfraenkische Einzelmeisterschaft 2022"]
[White "Heidel,Andre Nicolas"]
[Black "Steinmacher,Josef"]
[Site "Wertheim"]
[Round "2.3"]
[Annotator ""]
[Result "1-0"]
[Date "2022.04.19"]
[WhiteElo "2154"]
[BlackElo "2031"]
[PlyCount "75"]

1. d4 Nf6 2. Nf3 d5 3. c4 e6 4. g3 dxc4 5. Bg2 c5 6. Qa4+ Nbd7 7. O-O a6 8. Nc3 cxd4 9. Nxd4 Bc5 10. Qxc4 O-O 11. Nb3 Ba7 12. a4 Ne5 13. Qf4 Nc6 14. Qh4 Bd7 15. a5 h6 16. Rd1 Qe7 17. Na4 Rfd8 18. Nb6 Nxa5 19. Nxa5 Bxb6 20. Nxb7 Rdb8 21. Nd6 Ra7 22. Nc4 Bc5 23. Bf4 Rb4 24. Bd2 Ra4 25. Rac1 Bb5 26. b3 Ra2 27. e3 a5 28. Bc3 a4 29. Bxf6 Qxf6 30. Rd8+ Bf8 31. Qxf6 gxf6 32. bxa4 R7xa4 33. Bf1 Kg7 34. Rdd1 Rb4 35. h4 f5 36. Ne5 Bxf1 37. Rxf1 Bd6 38. Nd3 1-0

[Event "71. Unterfraenkische Einzelmeisterschaft 2022"]
[White "Amtmann,Florian"]
[Black "Link,Robert"]
[Site "Wertheim"]
[Round "2.4"]
[Annotator ""]
[Result "1-0"]
[Date "2022.04.19"]
[WhiteElo "2130"]
[BlackElo "1944"]
[PlyCount "79"]

1. e4 c5 2. Nf3 d6 3. d4 cxd4 4. Nxd4 Nf6 5. Nc3 a6 6. f4 e5 7. Nf3 Nbd7 8. Bd3 Be7 9. O-O O-O 10. Kh1 b5 11. a3 Bb7 12. Qe1 Qc7 13. Nh4 g6 14. fxe5 Nxe5 15. Bh6 Rfe8 16. Bg5 Nfg4 17. Bxe7 Qxe7 18. Qg3 Kh8 19. h3 Nxd3 20. cxd3 Ne5 21. Rad1 Rad8 22. Nf3 Rd7 23. Qf2 Kg8 24. Qd4 Nxf3 25. Rxf3 Qe5 26. Qf2 d5 27. d4 Qe7 28. e5 Rc7 29. Rf1 Qd7 30. Qd2 a5 31. Rf4 b4 32. axb4 axb4 33. Nd1 Ba6 34. R1f2 Qa4 35. Ne3 Qb3 36. Ng4 Rec8 37. Nh6+ Kg7 38. Rxf7+ Rxf7 39. Rxf7+ Kh8 40. Qf4 1-0

[Event "71. Unterfraenkische Einzelmeisterschaft 2022"]
[White "Basel,Matthias"]
[Black "Link,Klaus"]
[Site "Wertheim"]
[Round "2.5"]
[Annotator ""]
[Result "1/2-1/2"]
[Date "2022.04.19"]
[WhiteElo "2057"]
[BlackElo "1969"]
[PlyCount "64"]

1. Nf3 d5 2. c4 c6 3. b3 Nf6 4. Bb2 h6 5. g3 Bf5 6. Bg2 Nbd7 7. O-O e6 8. d3 Be7 9. Nbd2 O-O 10. Re1 Qb6 11. a3 a5 12. Bc3 Ng4 13. Bd4 Qc7 14. h3 Nge5 15. Nxe5 Nxe5 16. f4 Nd7 17. Qc1 Qd6 18. Qb2 f6 19. Nf3 Bh7 20. Rec1 c5 21. Bf2 d4 22. Qd2 b6 23. g4 Qc7 24. Bg3 Bd6 25. Rf1 g5 26. Nh2 Rae8 27. Rf2 Kg7 28. Nf1 Rf7 29. Bh2 Nf8 30. Ng3 Ng6 31. Nh5+ Kh8 32. Be4 Nxf4 1/2-1/2

[Event "71. Unterfraenkische Einzelmeisterschaft 2022"]
[White "Oster,Klaus"]
[Black "Helm,Timo"]
[Site "Wertheim"]
[Round "2.6"]
[Annotator ""]
[Result "1/2-1/2"]
[Date "2022.04.19"]
[WhiteElo "1915"]
[BlackElo "2067"]
[PlyCount "117"]

1. d4 e6 2. Nf3 Nf6 3. g3 d5 4. Bg2 Bd6 5. O-O O-O 6. c4 c6 7. Nbd2 Nbd7 8. Qc2 b6 9. e4 Nxe4 10. Nxe4 dxe4 11. Qxe4 Bb7 12. Bf4 Bxf4 13. Qxf4 Qb8 14. Qxb8 Raxb8 15. Ne5 Nxe5 16. dxe5 Rfd8 17. Rfd1 Kf8 18. f4 Ke7 19. Kf2 h6 20. h4 g5 21. Bf3 f6 22. exf6+ Kxf6 23. fxg5+ hxg5 24. h5 g4 25. Bxg4 Rf8 26. Bf3 c5 27. Bxb7 Rxb7 28. Kg2 Kg5 29. Re1 Rf6 30. Re5+ Rf5 31. Rxe6 Rbf7 32. Re2 Kxh5 33. Rae1 Kg5 34. Re5 Rd7 35. Rxf5+ Kxf5 36. Kf3 Rd2 37. Re2 Rd3+ 38. Re3 Rd2 39. Re2 Rd3+ 40. Kf2 Rd4 41. b3 Kg4 42. Ke1 Kxg3 43. Re7 Kf3 44. Rxa7 Ke3 45. Rh7 Kd3 46. Rh6 b5 47. cxb5 Rb4 48. a4 Kc2 49. Rh3 Re4+ 50. Kf2 Rb4 51. Re3 Kb2 52. Ke1 Kc1 53. Rc3+ Kb2 54. Rxc5 Kxb3 55. a5 Re4+ 56. Kd2 Kb4 57. Rh5 Kxa5 58. Kd3 Rg4 59. Rf5 1/2-1/2

[Event "71. Unterfraenkische Einzelmeisterschaft 2022"]
[White "Markert,Markus"]
[Black "Kuhn,Norbert"]
[Site "Wertheim"]
[Round "2.7"]
[Annotator ""]
[Result "0-1"]
[Date "2022.04.19"]
[WhiteElo "1986"]
[BlackElo "2018"]
[PlyCount "92"]

1. d4 d5 2. Bf4 e6 3. Nf3 Nf6 4. e3 Be7 5. Bd3 O-O 6. Nbd2 b6 7. c3 Ba6 8. Bxa6 Nxa6 9. Qe2 Nb8 10. Ne5 c5 11. O-O Qc8 12. a4 Qb7 13. Bg5 Nc6 14. Bxf6 Bxf6 15. f4 Rac8 16. Rf3 g6 17. Ng4 Bg7 18. Rh3 Ne7 19. Qf2 Nf5 20. Ne5 Qe7 21. Rf1 Nd6 22. g4 f5 23. g5 Bxe5 24. dxe5 Ne4 25. Qe2 Nxd2 26. Qxd2 c4 27. Rg3 Rc5 28. Ra1 Ra5 29. Qd1 Qd7 30. Rg2 b5 31. axb5 Qxb5 32. Rxa5 Qxa5 33. h4 Rf7 34. Rh2 Qb6 35. Qe1 a5 36. h5 Rg7 37. hxg6 hxg6 38. Qd2 a4 39. Kf2 Qb3 40. Kf3 a3 41. bxa3 Qxa3 42. Rh6 Qa1 43. Qd4 Qf1+ 44. Kg3 Qg1+ 45. Kf3 Qg4+ 46. Kf2 Rb7 0-1

[Event "71. Unterfraenkische Einzelmeisterschaft 2022"]
[White "Lutz,Peter"]
[Black "Grineva,Marianna"]
[Site "Wertheim"]
[Round "2.8"]
[Annotator ""]
[Result "0-1"]
[Date "2022.04.19"]
[WhiteElo "2003"]
[BlackElo "1996"]
[PlyCount "80"]

1. d4 d6 2. c4 Nf6 3. Nc3 Nbd7 4. e4 e5 5. d5 Nc5 6. Bg5 a5 7. h3 Be7 8. Bxf6 Bxf6 9. Nf3 Bd7 10. Qc2 Bg5 11. Be2 Bh6 12. Nh2 O-O 13. Ng4 Bg5 14. O-O g6 15. Bf3 f5 16. Nh2 Kh8 17. Qe2 Bh6 18. Rad1 Qg5 19. Kh1 Rf7 20. exf5 gxf5 21. g3 e4 22. Bg2 Re8 23. a3 a4 24. Rg1 Bg7 25. Nf1 Nd3 26. Rxd3 exd3 27. Qxd3 f4 28. Nd2 fxg3 29. Nde4 Qh6 30. Qxg3 Be5 31. Qg5 Qxg5 32. Nxg5 Rxf2 33. Nce4 Rf4 34. Rf1 Rxf1+ 35. Bxf1 Bxb2 36. Bd3 h6 37. Nf3 Bxh3 38. Nh4 Kg7 39. Ng3 Re1+ 40. Kh2 Bg4 0-1

[Event "71. Unterfraenkische Einzelmeisterschaft 2022"]
[White "Voellinger,Florian"]
[Black "Bauer,Ottmar"]
[Site "Wertheim"]
[Round "2.9"]
[Annotator ""]
[Result "1/2-1/2"]
[Date "2022.04.19"]
[WhiteElo "1866"]
[BlackElo "1703"]
[PlyCount "72"]

1. Nf3 d5 2. g3 Nf6 3. Bg2 Bf5 4. O-O c6 5. d3 Nbd7 6. Nbd2 e6 7. Qe1 Be7 8. e4 dxe4 9. dxe4 Bg6 10. Qe2 O-O 11. a3 a5 12. e5 Nd5 13. c4 N5b6 14. Nb3 Qc7 15. Bf4 Nc5 16. Nxc5 Bxc5 17. Ng5 h6 18. Ne4 Bxe4 19. Bxe4 Qe7 20. Bc2 f5 21. exf6 Qxf6 22. Kg2 Bd4 23. Bc7 Nxc4 24. Rad1 c5 25. Rxd4 cxd4 26. Qxc4 Rac8 27. Bb3 Rxc7 28. Qxc7 Qf3+ 29. Kg1 Qxb3 30. Qe5 Qxb2 31. Qxe6+ Kh8 32. Qe7 Rc8 33. Qd7 Rc1 34. Qe8+ Kh7 35. Qe4+ Rc8 36. Qe5 Kg8 1/2-1/2

[Event "71. Unterfraenkische Einzelmeisterschaft 2022"]
[White "Rauth,Markus"]
[Black "Schellenberger,Dirk"]
[Site "Wertheim"]
[Round "2.10"]
[Annotator ""]
[Result "1/2-1/2"]
[Date "2022.04.19"]
[WhiteElo "1775"]
[BlackElo "1680"]
[PlyCount "129"]

1. e4 c5 2. Nc3 e6 3. f4 a6 4. Nf3 Nc6 5. g3 b5 6. Bg2 Bb7 7. O-O Nge7 8. d3 g6 9. Rb1 Bg7 10. e5 Qb6 11. Be3 Nf5 12. Bf2 d5 13. g4 Nfd4 14. Ne2 Nxe2+ 15. Qxe2 a5 16. a3 b4 17. Nd2 h5 18. Nb3 Bf8 19. g5 a4 20. Nd2 Nd4 21. Qd1 Nc6 22. c4 Ne7 23. cxd5 exd5 24. Nf3 b3 25. Bh3 Bc8 26. Bg2 Be6 27. d4 c4 28. Rc1 Bg4 29. Rc3 Qe6 30. Qd2 Bh3 31. Nh4 Bxg2 32. Kxg2 Nf5 33. Nxf5 Qxf5 34. h3 Qe4+ 35. Kg1 Kd7 36. Be3 Qf5 37. Qg2 Ra5 38. Bd2 Rb5 39. Re3 Be7 40. Bc3 Rhb8 41. Rf2 R8b6 42. Ree2 Ke6 43. Kh2 Rb8 44. h4 Rh8 45. Qh3 Qxh3+ 46. Kxh3 Rhb8 47. Kg3 R8b6 48. Kf3 Kf5 49. Rd2 Rc6 50. Rde2 Bd8 51. Rg2 Ba5 52. Re3 Bb6 53. Rge2 Re6 54. Rd2 Ba7 55. Rde2 Rb8 56. Rd2 Rbe8 57. Rde2 Bb6 58. Rd2 Bd8 59. Rde2 Be7 60. Ba5 Bf8 61. Bc3 Rb6 62. Ba5 Ra6 63. Bc3 Ke6 64. Kg3 Kf5 65. Kf3 1/2-1/2

[Event "71. Unterfraenkische Einzelmeisterschaft 2022"]
[White "Roth,Ludwig"]
[Black "Mueller,Lutz"]
[Site "Wertheim"]
[Round "2.11"]
[Annotator ""]
[Result "1-0"]
[Date "2022.04.19"]
[WhiteElo "1522"]
[BlackElo "1940"]
[PlyCount "59"]

1. e4 g6 2. d4 Bg7 3. Nc3 d6 4. Be3 Nc6 5. Qd2 h5 6. O-O-O Nh6 7. d5 Ne5 8. h3 c5 9. f4 Nd7 10. Nf3 a6 11. Be2 b5 12. e5 Nb6 13. Ng5 O-O 14. Rdg1 b4 15. Nd1 dxe5 16. Bxc5 Nxd5 17. Bf3 Bb7 18. f5 Qa5 19. Bxd5 Bxd5 20. Qxd5 Rfd8 21. Qc4 Rac8 22. fxg6 Rd4 23. gxf7+ Kh8 24. Qe6 Qxc5 25. Qg6 Qxc2+ 26. Qxc2 Rxc2+ 27. Kxc2 Rd6 28. Rf1 Rc6+ 29. Kb1 Rc8 30. Ne6 1-0

[Event "71. Unterfraenkische Einzelmeisterschaft 2022"]
[White "Weineck,Ekkehard"]
[Black "Herberich,Martin"]
[Site "Wertheim"]
[Round "2.12"]
[Annotator ""]
[Result "1/2-1/2"]
[Date "2022.04.19"]
[WhiteElo "1564"]
[BlackElo "1800"]
[PlyCount "41"]

1. c4 e6 2. Nc3 d5 3. d4 c5 4. cxd5 cxd4 5. Qxd4 Nc6 6. Qd1 exd5 7. e3 Nf6 8. Nf3 Be7 9. Be2 O-O 10. O-O Be6 11. b3 Rc8 12. Bb2 Qd7 13. Rc1 Rfd8 14. Nb5 a6 15. Nbd4 Nxd4 16. Nxd4 Rxc1 17. Qxc1 Rc8 18. Qd2 Ne4 19. Qd3 Nc5 20. Qd2 Ne4 21. Qd3 1/2-1/2

[Event "71. Unterfraenkische Einzelmeisterschaft 2022"]
[White "Babiy,Olga"]
[Black "Englert,Fabian"]
[Site "Wertheim"]
[Round "3.1"]
[Annotator ""]
[Result "1/2-1/2"]
[Date "2022.04.19"]
[WhiteElo "2261"]
[BlackElo "2420"]
[PlyCount "29"]

1. d4 d5 2. Bf4 Nf6 3. e3 e6 4. Nf3 c5 5. Nbd2 Nc6 6. c3 Nh5 7. Bg5 Qb6 8. Rb1 h6 9. Bh4 g5 10. Bg3 Nxg3 11. hxg3 Bg7 12. b4 c4 13. e4 Bd7 14. e5 Qc7 15. Be2 1/2-1/2

[Event "71. Unterfraenkische Einzelmeisterschaft 2022"]
[White "Amtmann,Florian"]
[Black "Heidel,Andre Nicolas"]
[Site "Wertheim"]
[Round "3.2"]
[Annotator ""]
[Result "1-0"]
[Date "2022.04.19"]
[WhiteElo "2130"]
[BlackElo "2154"]
[PlyCount "69"]

1. e4 e6 2. d4 d5 3. Nd2 Nf6 4. e5 Nfd7 5. Ngf3 c5 6. c3 cxd4 7. cxd4 Nc6 8. Bd3 Qb6 9. O-O Be7 10. Nb3 a5 11. Be3 a4 12. Nbd2 a3 13. b3 Nb4 14. Be2 Nb8 15. Ne1 N8c6 16. Nb1 Bd7 17. f4 g6 18. Nc3 Na7 19. Nd3 Rc8 20. Qd2 Nxd3 21. Qxd3 Nc6 22. Na4 Qa7 23. Rfc1 O-O 24. Nc5 Rfd8 25. Qd2 Be8 26. g4 Bxc5 27. Rxc5 Ne7 28. Rac1 Rxc5 29. Rxc5 Rc8 30. Rxc8 Nxc8 31. f5 exf5 32. gxf5 gxf5 33. Bg5 f6 34. Bxf6 Bg6 35. Bf3 1-0